01012nam a22002897a 4500003000900000005001700009008004100026020001500067020001800082040004300100082001900143100004600162245004800208264003600256300002400292336002600316337002800342338002700370490002900397650001000426651007500436653002200511655002400533942001200557999001700569952013600586EG-ScBUE20220102094941.0110505r18741994enk f 000 1 eng d a0140620478 a9780140620474 aEG-ScBUEbengerdacEG-ScBUEdEG-ScBUE04222a823.8bHAR1 923606aHardy, Thomasd1840-1928,eauthor.10aFar from the Madding Crowd /cThomas Hardy. 1aLondon :bPenguin Books,c1994. a374 pages ;c18 cm. 2rdacontentatextbtxt 2rdamediaaunmediatedbn 2rdacarrieravolumebnc0 aPenguin Popular classics 2BUEsh 7923613aEnglandxSocial life and customsy19th centuryvFiction.2BUEsh cMay2011bHHUUEENN vReading book934232 2ddccBB c15246d15246 00102ddc40708 aMAINbMAINc2NDd2011-05-05eDonationl2o823.8 HARp000023529r2025-07-15 00:00:00s2022-03-20w2011-05-05yBB